00761nac a22001931u 4500082001500000090001500015100003400030245017300064260003800237300002600275500002600301511002600327650002600353650002400379650002900403942001700432999001500449952010300464 a658.4bDIC c6964d6964 aDickinson, Brian  aRisk-free business re-engineering :bHow to slice through traditional organizational structures to best benefit you. Your business, And Your Customers/cBrian Dickinson aNew Delhi:bJacio Pub.,2004c2004 a300p.:bill.;c23 cm. adistributer: Al-Ahram acatalogued by: wessam aindustrial management aconflict management aorganizational behaviour cBBk658.4DIC c6964d6964 00104070aMAINbMAINc1STd2010-12-07ePurchasel0o658.4DICp000008239r2025-07-15 00:00:00yBB